000 00671nam a22002537a 4500
003 UA-OsUOA
001 23654
007 ta
008 20040127b un ||||| |||| 00| 0 ukr d
100 _aАнуфриева Н.М.
090 _a316.6
_bА73
942 _cBK
040 _aUA-OsUOA
_brus
_cUA-OsUOA
_dUA-OsUOA
245 _aСоциальная психология
300 _a136 с.
_bІлюстрації
955 _a0
041 _arus
080 _a316.6
020 _a966-608-044-3
260 _bМежрегиональная Академия Управления Персоналом
_c2000
044 _aRU
650 7 _2UDC
999 _c309906
_d309906